| 000 | 00557cam a2200205ua 4500 | ||
|---|---|---|---|
| 001 | 10909 | ||
| 008 | 190624n ii |||gr||||Z||||||asm | ||
| 020 | _a9789382750284 | ||
| 040 | _cMAIN | ||
| 041 | _aasm | ||
| 082 | _a920 | ||
| 100 |
_aGobinda Prasad Sharma, _eAuthor. |
||
| 245 |
_aJivani aru atma jivani : _basamiyat aru paschyatyat / _cBy Gobinda Prasad Sharma . |
||
| 250 | _a2nd ed. | ||
| 260 |
_aGuwahati _bBanalata, _c2014. |
||
| 300 | _a224p. | ||
| 653 | _aBiography, genealogy & insignia | ||
| 653 | _aBiographical literature | ||
| 942 | _cBK | ||
| 999 |
_c9865 _d9865 |
||